| 000 | 02082cam a22005778i 4500 | ||
|---|---|---|---|
| 001 | 9780429436543 | ||
| 003 | FlBoTFG | ||
| 005 | 20250124160947.0 | ||
| 006 | m o d | ||
| 007 | cr ||||||||||| | ||
| 008 | 200319s2020 flu ob 001 0 eng | ||
| 040 |
_aKO _beng |
||
| 040 |
_aOCoLC-P _beng _erda _cOCoLC-P |
||
| 020 |
_a9780429791277 _q(epub) |
||
| 020 |
_a0429791275 _q(epub) |
||
| 020 |
_a9780429436543 _q(ebook) |
||
| 020 |
_a0429436548 _q(ebook) |
||
| 020 |
_a9780429791284 _q(adobe pdf) |
||
| 020 |
_a0429791283 _q(adobe pdf) |
||
| 020 |
_a9780429791260 _q(mobi) |
||
| 020 | _a0429791267 | ||
| 020 |
_z9781138347717 _q(hardback) |
||
| 024 | 7 |
_a10.1201/9780429436543 _2doi |
|
| 041 | 0 | _aeng | |
| 072 | 7 |
_aTEC _x009070 _2bisacsh |
|
| 072 | 7 |
_aTEC _x016000 _2bisacsh |
|
| 072 | 7 |
_aTEC _x020000 _2bisacsh |
|
| 072 | 7 |
_aTGP _2bicssc |
|
| 082 | 0 | 0 |
_a671 _223 |
| 245 | 0 | 0 |
_aPrecision additive metal manufacturing / _cedited by Richard Leach and Simone Carmignato. |
| 250 | _aFirst edition. | ||
| 264 | 1 |
_aBoca Raton, FL : _bCRC Press, _c2020. |
|
| 300 | _a1 online resource | ||
| 336 |
_atext _btxt _2rdacontent |
||
| 337 |
_acomputer _bn _2rdamedia |
||
| 338 |
_aonline resource _bnc _2rdacarrier |
||
| 520 |
_a"This book aims to inform the reader how to improve the precision of metal AM processes by tackling the three principles of robustness, predictability and metrology"-- _cProvided by publisher. |
||
| 588 | _aOCLC-licensed vendor bibliographic record. | ||
| 650 | 0 | _aMetal-work. | |
| 650 | 0 | _aAdditive manufacturing. | |
| 650 | 7 |
_aTECHNOLOGY / Engineering / Mechanical _2bisacsh |
|
| 650 | 7 |
_aTECHNOLOGY / Industrial Design / General _2bisacsh |
|
| 650 | 7 |
_aTECHNOLOGY / Manufacturing _2bisacsh |
|
| 700 | 1 |
_aLeach, R. K., _eeditor. |
|
| 700 | 1 |
_aCarmignato, Simone, _eeditor. |
|
| 856 | 4 | 0 |
_3Taylor & Francis _uhttps://www.taylorfrancis.com/books/9780429436543 |
| 856 | 4 | 2 |
_3OCLC metadata license agreement _uhttp://www.oclc.org/content/dam/oclc/forms/terms/vbrl-201703.pdf |
| 904 | _aRUDRA_R | ||
| 905 | _aR_RANJAN | ||
| 942 | _cEB | ||
| 999 |
_c3015 _d3015 |
||